000 00403nam a22001697a 4500
003 MPLRDC
005 20220104113756.0
008 210129b ||||| |||| 00| 0 eng d
082 _a857.45 GY-4 v.2 c.2
100 _a高阳
245 _a王昭君. 下册
_c
260 _a
_b明窗出版社
_c
300 _b
490 _a宝岛系列
650 _a历史小说
942 _cBK
_o857.45 GY-4 v.2 c.2
999 _c2264
_d2254